| 000 | 01109nam0a22002771 4500 | ||
|---|---|---|---|
| 001 | rc\512624 | ||
| 005 | 20250621113510.0 | ||
| 035 | _a(NLR Aleph) 005752503 | ||
| 090 |
_a4854772 _c4854772 |
||
| 100 | _a20030616d1988 |||y0rusy50 ca | ||
| 101 | 0 | _arus | |
| 102 | _aRU | ||
| 105 | _ay ||||||||| | ||
| 200 | 1 |
_aСамофинансирование производственного предприятия _e(Практика СССР и брат. стран) |
|
| 210 |
_aМ. _cЗнание _d1988 |
||
| 215 |
_a64 с. _d20 |
||
| 225 | 1 |
_aНовое в жизни, науке, технике _iПрактика социалистического хозяйствования _v2 |
|
| 300 | _aНа обороте тит. л. авт.: Котлов В.А. к. э. н., доц., Бояр Эва д. экономики-адъюнкт. | ||
| 320 | _aБиблиогр.: с. 64 | ||
| 700 | 1 |
_aКотлов _bВ.А. _gВладимир Александрович |
|
| 701 | 1 |
_aБояр _bЭ. _gЭва |
|
| 801 | 0 |
_aRU _bNLR _gpsbo |
|
| 801 | 1 |
_aRU _bELAR _2rusmarc |
|
| 852 |
_aNLR _j88-4/6469 |
||
| 942 | _cBOOK | ||
| 980 | _aNB | ||